Las credenciales de los posgrados en las universidades públicas argentinas (Registro nro. 17674)

Detalles MARC
000 -LEADER
fixed length control field 00352 a2200109 4500
001 - CONTROL NUMBER
control field ART_49885
005 - DATE AND TIME OF LATEST TRANSACTION
control field 20260410161729.0
008 - FIXED-LENGTH DATA ELEMENTS--GENERAL INFORMATION
fixed length control field 260409a
100 1# - MAIN ENTRY--PERSONAL NAME
Personal name Cardinaux, Nancy
245 10 - TITLE STATEMENT
Title Las credenciales de los posgrados en las universidades públicas argentinas
773 0# - HOST ITEM ENTRY
Title Lecciones y ensayos
Related parts - Nº 100 (jun. 2018)
Record control number REV2658

No hay ítems disponibles.